<?xml version="1.0" encoding="UTF-8"?>
<marc:record xmlns:marc="http://www.loc.gov/MARC21/slim">
   <marc:leader>00000nam a2200000 a 4500</marc:leader>
   <marc:datafield ind1="1" ind2=" " tag="100">
      <marc:subfield code="a">Rohrbach, Carmen</marc:subfield>
      <marc:subfield code="4">aut</marc:subfield>
      <marc:subfield code="e">Verfasser/-in</marc:subfield>
   </marc:datafield>
   <marc:datafield ind1=" " ind2=" " tag="653">
      <marc:subfield code="a">Reisebericht</marc:subfield>
   </marc:datafield>
   <marc:datafield ind1="0" ind2="0" tag="245">
      <marc:subfield code="a">Mongolei</marc:subfield>
   </marc:datafield>
   <marc:datafield ind1="0" ind2="0" tag="245">
      <marc:subfield code="b">zu Pferd durch das Land der Winde</marc:subfield>
   </marc:datafield>
   <marc:datafield ind1="0" ind2="0" tag="245">
      <marc:subfield code="c">Carmen Rohrbach</marc:subfield>
   </marc:datafield>
   <marc:datafield ind1=" " ind2="1" tag="264">
      <marc:subfield code="a">München</marc:subfield>
      <marc:subfield code="b">Frederking &amp; Thaler</marc:subfield>
      <marc:subfield code="c">2008</marc:subfield>
   </marc:datafield>
   <marc:datafield ind1="1" ind2=" " tag="490">
      <marc:subfield code="a">National geographic adventure press</marc:subfield>
      <marc:subfield code="v">322</marc:subfield>
   </marc:datafield>
   <marc:datafield ind1=" " ind2=" " tag="250">
      <marc:subfield code="a">1. Aufl., erstmals im Taschenbuch</marc:subfield>
   </marc:datafield>
   <marc:datafield ind1="1" ind2=" " tag="520">
      <marc:subfield code="a">Angaben aus der Verlagsmeldung

Mongolei : Zu Pferd durch das Land der Winde / von Carmen Rohrbach

Mongolei – allein dem Namen wohnt ein Zauber inne, dem sich auch Carmen Rohrbach nicht entziehen kann. Über eine Familie in Ulaanbaatar bekommt sie den lang ersehnten Kontakt zu Nomaden, die sie hinaus in die unermessliche Weite des Landes führen. An ihrer Seite lernt Carmen Rohrbach das Leben in der Jurte sowie die Sorgen und Freuden ihrer Gastgeber kennen. Schamanen darf sie bei Ritualen, Adlerjäger bei der Arbeit beobachten, und gemeinsam mit den Nomaden fiebert sie dem wichtigsten Fest des Jahres entgegen, dem Naadam. Hingerissen von der grandiosen Natur der mongolischen Gebirgswelt bezwingt sie als erste Frau den heiligen Berg Burchan Chaldun, während die Gobi sie verführt, nach den letzten wildlebenden Eseln der Erde zu suchen… Zu Fuß und auf dem Rücken von Pferden und Kamelen, alleine und in Begleitung durchstreift sie die schier endlose Weite der mongolischen Landschaft. Auf ihren oft waghalsigen Touren erlebt sie einzigartige Naturschauspiele und suchte die Nähe derer, die das wahre Wesen eines Landes ausmachen: seiner Menschen. Ein Buch von berückender Intensität!
</marc:subfield>
   </marc:datafield>
   <marc:datafield ind1=" " ind2=" " tag="020">
      <marc:subfield code="a">9783894058463</marc:subfield>
      <marc:subfield code="9">9783894058463</marc:subfield>
   </marc:datafield>
   <marc:datafield ind1=" " ind2=" " tag="020">
      <marc:subfield code="a">3894058463</marc:subfield>
      <marc:subfield code="9">3894058463</marc:subfield>
   </marc:datafield>
   <marc:datafield ind1=" " ind2=" " tag="041">
      <marc:subfield code="a">ger</marc:subfield>
   </marc:datafield>
   <marc:datafield ind1=" " ind2=" " tag="300">
      <marc:subfield code="a">304 S.</marc:subfield>
   </marc:datafield>
</marc:record>
